Stemmi Squadre di calcio dal dettaglio - Europa - Quiz n°1 - Statistics

Statistiche generali
  • Questo quiz è stato fatto 53 volte
  • Il punteggio medio è 7 su 10
Statistiche sulle risposte
con Immagini Risposta % Corretto
Napoli
100%
Paris-Saint Germain
94%
Borussia Dortmund
91%
Spezia
85%
Werder Brema
81%
Brentford
79%
AEK Atene
70%
Monaco 1860
51%
Standard Liegi
45%
Levski Sofia
6%
Nessun quiz corrispondente trovato
Distribuzione punteggi
Percentuale di utenti per punteggio
Percentile per numero di risposta
I tuoi punteggi nel tempo
Non hai fatto questo quiz